000 00508nam a2200205Ia 4500
003 OSt
005 20220928151058.0
006 a|||||r|||| 00| 0
007 ta
008 220927b |||||||| |||| 00| 0 eng d
024 _a112133
037 _cTextual
040 _aSDCL
_cSDCL
_beng
041 _2eng
_aeng
082 _aD65,4:911g, H7
245 0 _aROYAL SIGNALS handbook of line communication.
260 _c1947
942 _hD65,4:911g, H7
_cTEXL
_2CC
999 _c848912
_d848912